Library Banner

Terrorism in cyberspace: (Record no. 91449)

MARC details
000 -LEADER
fixed length control field 00483nam a22001817a 4500
005 - DATE AND TIME OF LATEST TRANSACTION
control field 20170306151152.0
008 - FIXED-LENGTH DATA ELEMENTS--GENERAL INFORMATION
fixed length control field 170306b xxu||||| |||| 00| 0 eng d
020 ## - INTERNATIONAL STANDARD BOOK NUMBER
International Standard Book Number 9780231704489
040 ## - CATALOGING SOURCE
Transcribing agency PK-LaUMT
082 ## - DEWEY DECIMAL CLASSIFICATION NUMBER
Classification number 363.325
Item number WEI-T
100 ## - MAIN ENTRY--PERSONAL NAME
Personal name Weimann , Gabriel
245 ## - TITLE STATEMENT
Title Terrorism in cyberspace:
Remainder of title the next generation/
Statement of responsibility, etc Gabriel Weimann
260 ## - PUBLICATION, DISTRIBUTION, ETC. (IMPRINT)
Place of publication, distribution, etc New York:
Name of publisher, distributor, etc Columbia university,
Date of publication, distribution, etc 2015
300 ## - PHYSICAL DESCRIPTION
Extent 296 p.
546 ## - LANGUAGE NOTE
Language note EN
650 ## - SUBJECT ADDED ENTRY--TOPICAL TERM
Topical term or geographic name as entry element Cyberterrorism
942 ## - ADDED ENTRY ELEMENTS (KOHA)
Koha item type Books
Holdings
Withdrawn status Lost status Damaged status Home library Current library Date acquired Full call number Barcode Date last seen Price effective from Koha item type
      UMT Main Campus UMT Main Campus 2017-03-06 363.325 WEI-T 106098 2017-03-06 2017-03-06 Books